00394nam a2200157Ia 450000500170000000800410001702000180005804100080007608200160008410000150010024500450011526000450016030000090020565000070021470000150022120230406112531.0230125s9999 xx 000 0 und d a9788121920148 aeng a302.35bKHA aKhanka S S aOrganisational BehaviourbText and Cases c2016bS. Chand & Company Ltd.aNew Delhi a560p aOB aKhanka S S